Dawne Flagi Państw - Statystyki

Ogólne statystyki
  • Ten quiz został rozwiązany 193 razy
  • Średni wynik to 17 z 20
Statystyki odpowiedzi
Obrazkowy Odpowiedź % Poprawnych
ZSRR / Związek Radziecki
100%
Austro-Węgry / Austria
99%
Niemcy / Cesarstwo Niemieckie
99%
Stany Zjednoczone / USA
99%
Dynastia Qing / Chiny
98%
Włochy / Królestwo Włoch
98%
Japonia / Imperium Japońskie
96%
Turcja / Imperium Osmańskie
96%
Francja / Królestwo Francji
95%
Portugalia
95%
Hiszpania / Imperium Hiszpańskie
91%
Kanada
87%
Etiopia
84%
Grecja
82%
Serbia / Jugosławia
82%
Indie Brytyjskie / Indie
65%
Rzeczpospolita obojga narodów
65%
Tajlandia
62%
Święte Cesarstwo Rzymskie
55%
Cesarstwo Koreańskie
19%
Nie znaleziono quizów pasujących do podanych kryteriów
Rozkład punktacji
Procent ludzi z każdym wynikiem
Percentyl według liczby udzielonych odpowiedzi
Twoja historia wyników
Nie rozwiązałeś tego quizu